El gran poder de las pequeñas ideas

Guardado en:
Detalles Bibliográficos
Autor principal: Drucker, Peter Ferdinand (Autor)
Formato: Libro
Lenguaje:español
Publicado: Buenos Aires Editorial Sudamericana 1999
Edición:1a. ed
Materias:
Etiquetas: Agregar Etiqueta
Sin Etiquetas, Sea el primero en etiquetar este registro!

MARC

LEADER 00000cam a2200000 a 4500
001 UCD6986
003 CL-VaPUC
008 170303e19990000ag |||||||||||||||||spa|d
020 |a 9500715589 
082 0 4 |a 658.4  |b DRU  |2 21 
100 0 |a Drucker, Peter Ferdinand  |e author  |9 413949 
245 1 3 |a El gran poder de las pequeñas ideas 
250 |a 1a. ed 
300 |a 221 p 
942 |c BK 
945 |d 20170303 17:35:00  |a arojas 
260 |a Buenos Aires  |b Editorial Sudamericana  |c 1999 
650 0 |a Gerencia ejecutiva   |9 482521 
650 0 |a Gestión administrativa  |9 375217 
650 0 |a Liderazgo  |9 271835 
583 |a last modification  |c 20170303 17:35:00  |k Rodrigo Vera 
999 |c 367158  |d 367156 
952 |0 0  |1 0  |3 erb  |4 0  |6 658_400000000000000_DRU_1999  |7 0  |8 A  |9 481850  |a BIBENE  |b BIBENE  |i 5329175  |o 658.4 DRU 1999  |p 5329175  |r 2025-01-15  |w 2019-11-24  |y BK  |z Catalogado en:20170303  |k ICO